| 000 | 01232nam a2200265 i 4500 | ||
|---|---|---|---|
| 001 | 154202 | ||
| 003 | ES-MaACL | ||
| 005 | 20250727053337.0 | ||
| 008 | 931025s1771 sp |||| | spa d | ||
| 130 | 0 |
_aFuero de Castilla. _9121668 |
|
| 245 | 1 | 3 |
_aEl Fuero Viejo de Castilla _b: sacado y comprobado con el exemplar de la misma obra, que existe en la Real Biblioteca de esta Corte, y con otros mss. / _cpublicanlo con notas historicas y legales ... D. Ignacio Jordan de Asso y del Rio y D. Miguel de Manuel y Rodriguez... |
| 260 |
_aMadrid : _bpor D. Joachin Ibarra..., _c1771. |
||
| 300 |
_a[4], LVI, 143 p. ; _cFol. (32 cm) |
||
| 530 | _aDisponible en formato digital. | ||
| 597 | _aSign.: [ ]², a-g4, A-S4. | ||
| 597 | _aAntep. | ||
| 597 | _aPort. con grab. calc.: "Cruz inv. et sculp." | ||
| 650 | 0 | 4 |
_aFueros- _zCastilla (Reino) _912990 |
| 700 | 1 |
_aAsso y del Río, Ignacio Jordán de. _923661 |
|
| 700 | 1 |
_aManuel y Rodríguez, Miguel de. _976188 |
|
| 700 | 1 |
_aIbarra, Joaquín, _d1725-1785 _9172326 |
|
| 852 |
_aES-MaACL _jR-102 _z- Enc. pasta española _x Olim:B-820 |
||
| 856 |
_uhttp://bdh-rd.bne.es/viewer.vm?id=0000118147&page=1 _zBiblioteca Digital Hispánica |
||
| 999 |
_c154202 _d154202 |
||